Collection de documens inédits concernant l'histoire de la Belgique / (Record no. 189571)
[ view plain ]
| 000 -LEADER | |
|---|---|
| campo de control de longitud fija | 00713nam a2200193 i 4500 |
| 001 - NÚMERO DE CONTROL | |
| campo de control | 189571 |
| 003 - IDENTIFICADOR DE NÚMERO DE CONTROL | |
| campo de control | ES-MaACL |
| 005 - FECHA Y HORA DE LA ÚLTIMA TRANSACCIÓN | |
| campo de control | 20260519142551.0 |
| 008 - DATOS DE LONGITUD FIJA--INFORMACIÓN GENERAL | |
| campo de control de longitud fija | 190620m18331835be |||| | fre d |
| 245 00 - MENCIÓN DEL TÍTULO | |
| Título | Collection de documens inédits concernant l'histoire de la Belgique / |
| Mención de responsabilidad, etc. | publiée par L.P. Gachard. |
| 260 ## - PUBLICACIÓN, DISTRIBUCIÓN, ETC. | |
| Lugar de publicación, distribución, etc. | Bruxelles : |
| Nombre del editor, distribuidor, etc. | Louis Hauman et Comp., libraires, |
| Fecha de publicación, distribución, etc. | 1833-1835. |
| 300 ## - DESCRIPCIÓN FÍSICA | |
| Extensión | 3 v. ; |
| Dimensiones | 22 cm. |
| 530 ## - NOTA DISPONIBLE DE FORMULARIO FÍSICO ADICIONAL | |
| Nota de formato físico adicional disponible | Disponible en formato digital. |
| 651 #4 - PUNTO DE ACCESO ADICIONAL DE MATERIA--NOMBRE GEOGRÁFICO | |
| Nombre geográfico | Bélgica- |
| Subdivisión general | Historia. |
| 9 (RLIN) | 7873 |
| 700 1# - ENTRADA AGREGADA--NOMBRE PERSONAL | |
| Nombre de persona | Gachard, Louis Prosper, |
| Fechas asociadas al nombre | 1800-1885 |
| 9 (RLIN) | 53175 |
| 852 ## - LOCALIZACIÓN | |
| Ubicación | ES-MaACL |
| Número de control de estantería | C-352-54 |
| 856 ## - LOCALIZACIÓN Y ACCESO ELECTRÓNICOS | |
| Identificador Uniforme de Recursos | <a href="http://bdh-rd.bne.es/viewer.vm?id=0000012963&page=1">http://bdh-rd.bne.es/viewer.vm?id=0000012963&page=1</a> |
| Nota pública | Biblioteca Digital Hispánica |
| Estatus retirado | Estado de pérdida | Estado de daño | No para préstamo | Colección | Biblioteca de origen | Biblioteca actual | Ubicación en estantería | Fecha de adquisición | Fuente de adquisición | Total de préstamos | Signatura topográfica completa | Código de barras | Visto por última vez | Precio de reemplazo | Tipo de ítem Koha |
|---|---|---|---|---|---|---|---|---|---|---|---|---|---|---|---|
| Colección digital | Biblioteca del Ateneo de Madrid | Biblioteca del Ateneo de Madrid | Depósito 2 | 20/06/2019 | C-352-54 | 1200878 | 23/02/2023 | 23/02/2023 | Libro impreso antiguo |
